000 01518nam a22003255a 4500
003 EG-ScBUE
005 20211102104845.0
008 110119s2001 ua a f b 000 0 ara d
017 _a2000 / 19069
020 _a9775758734
040 _aEG-ScBUE
_bara
_erda
_cEG-ScBUE
_dEG-ScBUE
043 _ama-----
082 0 4 _a553.09174927
_bس ل ي
_222
100 1 _aسليمان، مصطفى محمود،
_eمؤلف.
_939456
245 1 2 _aالجيولوجيا الاقتصادية والثروة المعدنية في الوطن العربي /
_cد. مصطفى محمود سليمان، أستاذ ورئيس قسم الجيولوجيا بكلية العلوم - جامعة الزقازيق ومستشار الجامعة لشئون خدمة المجتمع وتنمية البيئة.
264 1 _aالقاهرة :
_bدار الكتاب الحديث،
_c2001.
300 _a1 مجلد :
_bإيضاحيات ؛
_c24 سم
336 _2rdacontent
_aنص
_btxt
337 _2rdamedia
_aبدون وسيط
_bn
338 _2rdacarrier
_aمجلد
_bnc
504 _aيشتمل على إرجاعات ببليوجرافية.
505 0 _aالجزء الأول.
541 _aد. مصطفى محمود سليمان ؛
_cإهداء ؛
650 7 _aالجيولوجيا الاقتصادية
_zالبلاد العربية.
_2BUEsh
650 7 _aالثروة المعدنية
_zالبلاد العربية.
_2BUEsh
651 _2BUEsh
653 _bENGPET
_cDecember2017
655 _vReading book
_934232
942 _2ddc
999 _c14918
_d14918